000 01077nam a22002537a 4500
999 _c64014
_d64014
005 20240530110710.0
008 180129s2016 ua g b 000 0 ara d
017 _a2015/11414
_bمصر. دار الكتب
020 _a9789777611008
040 _aEG-CaGPL
_cEG-CaGPL
082 0 4 _221
_a346.048 /
_bح ح
100 0 _aحميد محمد على اللهبى
245 1 2 _aالحماية القانونية لحقوق الملكية الفكرية فى اطار منظمة التجارة العالمية /
_cحميد محمد على اللهبى
250 _aط. 2
260 _aالقاهرة :
_bالمركز القومى للاصدارات القانونية،
_c2016.
300 _a728 ص. ؛
_c24 سم.
504 _aيشتمل على ارجاعات ببليوجرافية
650 0 7 _2qrmak
_aحقوق التأليف والنشر
650 0 7 _2qrmak
_aالملكية العامة
650 0 7 _2qrmak
_aحقوق التأليف والنشر
_xقوانين وتشريعات
651 _2qrmak
942 _2ddc
_cBK